Pays aléatoire facile - Statistiques

Statistiques générales
  • Ce quiz a été pris 197 fois
  • Le résultat moyen est 12 sur 15
Statistiques - réponses
Hint Réponse % Correct
F_ _ _c_ France
99%
J_p_ _ Japon
96%
F_n_ _ _d_ Finlande
95%
C_ _g_ Congo
90%
I_d_ Inde
89%
R_ _s_ _ Russie
88%
E_y_ _ e Egypte
87%
M_ x_ _ _ _ Mexique
87%
S_ _d_ Suede
85%
C_ _a_ _ Canada
80%
U_r_ _ _e Ukraine
80%
A_l_ _ _g_ _ Allemagne
71%
C_ _ _e Chine
67%
B_ _s_ _ Brésil
65%
A_ _ s_ _ _ _ _e Australie
49%
Aucun quiz correspondant
Distribution des résultats
% des personnes avec chaque résultat
Percentile par nombre de réponses
Votre historique - résultats
Vous n’avez pas pris ce quiz